|
|
|
|
| LEADER |
02098nam a2200469 i 4500 |
| 001 |
EBC6038648 |
| 003 |
MiAaPQ |
| 005 |
20200330110313.0 |
| 006 |
m o d | |
| 007 |
cr cnu|||||||| |
| 008 |
200330s2020 gw ob 001 0 eng d |
| 020 |
|
|
|z 9783631803882
|
| 020 |
|
|
|a 9783631806012 (e-book)
|
| 035 |
|
|
|a (MiAaPQ)EBC6038648
|
| 035 |
|
|
|a (Au-PeEL)EBL6038648
|
| 035 |
|
|
|a (OCoLC)1128888071
|
| 040 |
|
|
|a MiAaPQ
|b eng
|e rda
|e pn
|c MiAaPQ
|d MiAaPQ
|
| 041 |
1 |
|
|a eng
|a pol
|
| 050 |
|
4 |
|a JF1051
|b .W3713 2020
|
| 082 |
0 |
|
|a 321.8
|2 23
|
| 100 |
1 |
|
|a Waskiewicz, Andrzej,
|d 1963-
|e author.
|
| 245 |
1 |
4 |
|a The idea of political representation and its paradoxes /
|c Andrzej Waskiewicz ; translated from Polish by Agnieszka Waskiewicz and Marilyn Burton.
|
| 264 |
|
1 |
|a Berlin :
|b Peter Lang,
|c [2020]
|
| 264 |
|
4 |
|c 2020
|
| 300 |
|
|
|a 1 online resource (270 pages).
|
| 336 |
|
|
|a text
|b txt
|2 rdacontent
|
| 337 |
|
|
|a computer
|b c
|2 rdamedia
|
| 338 |
|
|
|a online resource
|b cr
|2 rdacarrier
|
| 490 |
1 |
|
|a Studies in social sciences, philosophy and history of ideas ;
|v Volume 25
|
| 504 |
|
|
|a Includes bibliographical references and index.
|
| 546 |
|
|
|a In English and Polish.
|
| 588 |
|
|
|a Description based on print version record.
|
| 590 |
|
|
|a Electronic reproduction. Ann Arbor, MI : ProQuest, 2018. Available via World Wide Web. Access may be limited to ProQuest affiliated libraries.
|
| 650 |
|
0 |
|a Representative government and representation.
|
| 650 |
|
0 |
|a Democracy.
|
| 655 |
|
4 |
|a Electronic books.
|
| 700 |
1 |
|
|a Waskiewicz, Agnieszka,
|e translator.
|
| 700 |
1 |
|
|a Burton, Marilyn E.,
|e translator.
|
| 776 |
0 |
8 |
|i Print version:
|a Waskiewicz, Andrzej, 1963-
|t Idea of political representation and its paradoxes.
|d Berlin : Peter Lang, c2020
|h 270 pages
|k Studies in social sciences, philosophy and history of ideas ; Volume 25.
|z 9783631803882
|w (DLC) 2019045573
|
| 797 |
2 |
|
|a ProQuest (Firm)
|
| 830 |
|
0 |
|a Studies in social sciences, philosophy and history of ideas ;
|v Volume 25.
|
| 856 |
4 |
0 |
|u https://ebookcentral.proquest.com/lib/matrademy/detail.action?docID=6038648
|z Click to View
|